The Compact Edition of the Oxford English Dictionary / Volume II P-Z (Record no. 2187)

000 -LEADER
fixed length control field 00707nam a22001937a 4500
003 - CONTROL NUMBER IDENTIFIER
control field OSt
005 - DATE AND TIME OF LATEST TRANSACTION
control field 20210427063543.0
008 - FIXED-LENGTH DATA ELEMENTS--GENERAL INFORMATION
fixed length control field 210312s1985 ||||| |||| 00| 0 eng d
040 ## - CATALOGING SOURCE
Original cataloging agency eng
Language of cataloging eng
Transcribing agency DLC
041 ## - LANGUAGE CODE
Language code of text/sound track or separate title eng
080 ## - UNIVERSAL DECIMAL CLASSIFICATION NUMBER
Universal Decimal Classification number 811-3
Item number C-73
110 ## - MAIN ENTRY--CORPORATE NAME
9 (RLIN) 1399
Corporate name or jurisdiction name as entry element Oxford University Press
245 ## - TITLE STATEMENT
Title The Compact Edition of the Oxford English Dictionary / Volume II P-Z
Remainder of title : Complete Text Reproduced Micrographically / Supplement and Bibliography
Statement of responsibility, etc. / by: Oxford University Press
260 ## - PUBLICATION, DISTRIBUTION, ETC.
Place of publication, distribution, etc. New York
Name of publisher, distributor, etc. Oxford University Press
Date of publication, distribution, etc. 1985
300 ## - PHYSICAL DESCRIPTION
Extent 2 Volumes: Vol 1. - 2048 p. Vol 2. - 2068 p. Both Volumes - 4116 p.
650 #0 - SUBJECT ADDED ENTRY--TOPICAL TERM
9 (RLIN) 452
Topical term or geographic name entry element Dictionary
653 ## - INDEX TERM--UNCONTROLLED
Uncontrolled term ლექსიკონი
942 ## - ADDED ENTRY ELEMENTS (KOHA)
Source of classification or shelving scheme
Koha item type Books
Holdings
Withdrawn status Lost status Source of classification or shelving scheme Damaged status Not for loan Permanent location Current location Date acquired Inventory number Total Checkouts Full call number Barcode Date last seen Price effective from Koha item type
          Ken Walker International University Ken Walker International University 03/12/2021 1404   811-3 C-73 1404 03/12/2021 03/12/2021 Books

Powered by Koha